| 000 | 00382nam a2200145Ia 4500 | ||
|---|---|---|---|
| 008 | 230917s9999||||xx |||||||||||||| ||und|| | ||
| 040 |
_e53512 _aMAIN |
||
| 041 | _aEnglish | ||
| 082 | _aB R15A:P | ||
| 100 | _aChanchreek, K L, ed | ||
| 245 | 0 | _aPrime minister P V Narsimha Rao: India's great expectation | |
| 260 |
_aDelhi _bH K Publishers _c1991 |
||
| 300 | _a340 p. | ||
| 942 | _cBK | ||
| 999 |
_c69269 _d69269 |
||